=LDR 00000nam 2200000 4500 =001 INLIS000000000027703 =005 20161011154306.0 =006 =007 =008 Ind =035 ##$$0010-061300000027703 =041 ##$$a Ind =082 ##$$a 530.07 =090 ##$$a 530.07, Kan f =100 ##$$a Kanginan, Marthen =245 ##$$a Fisika 2000Jilid 1C untuk SMU kelas 1 cat. 3, Marthen Kanginan ; editor, Joko Sutrisno =260 ##$$a 2003 $b Jakarta =300 ##$$a ...jil, 21 cm =650 ##$$a Fisika-Studi dan pengajaran =700 ##$$a Sutrisno, Jolo =850 ##$$a NBPNMAT =990 ##$$a 0001/BPAP-NTB/2016 =990 ##$$a 31543154 =990 ##$$a 160828 =990 ##$$a 160.827/PB-2001